Word Ladder: '60s TV Show Quiz Stats

 Plays Quiz Updated Jan 16, 2012

     
Support Sporcle.
Go Orange.
Score 0/23 Timer 02:00
0 Plays Today
Clue Answer % Correct
Small streamCREEK
95.2%
Aristotle's nationalityGREEK
94.9%
What old floorboards doCREAK
94.5%
Frog utteranceCROAK
93%
Watch without blinkingSTARE
89.8%
Pot used for slow cookingCROCK
88.8%
Use a flashlightSHINE
84.8%
Part ownership in a companySHARE
84.2%
DenseTHICK
83%
'To ____ own self be true'THINE
82.8%
ListensHEARS
82.8%
ConcentrateTHINK
82.3%
Clue Answer % Correct
Buenos _____, ArgentinaAIRES
80.5%
Hen followerCHICK
79.1%
In 2009, this Chicago skyscraper was renamed the Willis TowerSEARS
77.8%
Bilbo Baggins' homelandSHIRE
77.7%
Offers a job toHIRES
75.7%
Watson's DNA partnerCRICK
73.6%
'____ Johnny!'HERE'S
73.3%
Rigel and Regulus e.g.STARS
67.5%
With [last rung], 1960s show starring Eddie Albert and Eva GaborGREEN
62.7%
Pennsylvania-based potato chip companyHERR'S
58.3%
With [first rung], 1960s show starring Eddie Albert and Eva GaborACRES
52.4%

Today's Daily Dose

Missing Word
Brands of Alcohol

Word Ladder
A Little Room?

Get the Picture
SpongeBob Rivalry

From the Vault

4 Science Foursomes III

by sproutcm

Science 3m
If we have 4 foursomes, does that mean together we have a foursome of foursomes?
Remove Ads.
Support Sporcle.
Get the best of Sporcle when you Go Orange. This ad-free experience offers more features, more stats, and more fun while also helping to support Sporcle. Thank you for becoming a member.

Show Comments

Extras

Top Quizzes Today


Score Distribution

Your Account Isn't Verified!

In order to create a playlist on Sporcle, you need to verify the email address you used during registration. Go to your Sporcle Settings to finish the process.

Report this User

Report this user for behavior that violates our Community Guidelines.

Details: